Statystyki dla Ludzie quiz #5 - Znani sportowcy

Kliknij tutaj aby rozwiązać quiz!

Ogólne statystyki

  • Ten quiz został rozwiązany 43 razy
  • Średni wynik to 11 z 16

Statystyki odpowiedzi

Odpowiedź% Poprawnych
Mariusz Pudzianowski
100%
Robert Lewandowski
100%
Jerzy Dudek
95%
Kamil Stoch
95%
Xavi
90%
Xabi Alonso
85%
Karol Bielecki
74%
Janne Ahonen
69%
Zbigniew Bródka
67%
Michał Kwiatkowski
62%
Piotr Małachowski
51%
Tomasz Sikora
49%
Joanna Wołosz
41%
Manny Pacquiao
41%
Giba
31%
Caroline Wozniacki
28%

Rozkład punktacji

Percentyl według liczby udzielonych odpowiedzi

Procent ludzi z każdym wynikiem

Twoja historia wyników

Nie rozwiązałeś tego quizu